[Event "First Saturday 2009 februar FM-B"]
[Site "Budapest"]
[Date "2009.02.13"]
[Round "7"]
[White "Kantor, Gergely"]
[Black "Egri, Laszlo jr"]
[Result "0-1"]
[WhiteElo "1680"]
[BlackElo "1842"]
[PlyCount "104"]
[EventDate "2009.02.07"]

1. e4 c5 2. Nf3 d6 3. d4 cxd4 4. Nxd4 Nf6 5. Nc3 g6 6. Be3 Bg7 7. f3 O-O 8. Qd2
Nc6 9. O-O-O d5 10. Kb1 Nxd4 11. e5 Nd7 12. Bxd4 Nxe5 13. Qe3 Nc6 14. Bxg7 Kxg7
15. Rxd5 Qc7 16. Be2 Be6 17. Rd2 Rfd8 18. g3 Rxd2 19. Qxd2 Rd8 20. Qe3 a6 21.
Rd1 Rxd1+ 22. Bxd1 Qe5 23. Qxe5+ Nxe5 24. Kc1 h5 25. b3 g5 26. Kd2 Kg6 27. a4
h4 28. Ke3 hxg3 29. hxg3 Nc6 30. Ne4 f5 31. Nc5 Bc8 32. c3 Kf6 33. b4 e5 34.
Bb3 b6 35. Nd3 Be6 36. Bxe6 Kxe6 37. c4 Kd6 38. g4 Ke6 39. c5 b5 40. axb5 axb5
41. gxf5+ Kxf5 42. Nf2 Nxb4 43. Ne4 Nd5+ 44. Kd3 Kf4 45. c6 Nc7 46. Nd2 Nd5 47.
Kc2 Nb4+ 48. Kc3 Nxc6 49. Kd3 Nd4 50. Kc3 Nxf3 51. Nf1 g4 52. Kb4 Nd4 0-1

[Event "First Saturday 2009 februar FM-B"]
[Site "Budapest"]
[Date "2009.02.13"]
[Round "7"]
[White "Mihajlova, Diana"]
[Black "Szabo, Gabor"]
[Result "0-1"]
[WhiteElo "1552"]
[BlackElo "1870"]
[PlyCount "66"]
[EventDate "2009.02.07"]

1. Nf3 d5 2. g3 Nf6 3. Bg2 c6 4. b3 Bf5 5. d3 Nbd7 6. Bb2 e6 7. Nbd2 Bd6 8. c4
O-O 9. O-O Re8 10. Nh4 Bg4 11. Ndf3 Qc7 12. Rc1 a5 13. d4 b6 14. Ne1 Rac8 15.
f3 Bh5 16. Qd2 Bxg3 17. f4 Bxh4 18. Nf3 Ne4 19. Qe3 Be7 20. Nh4 Bxh4 21. Bxe4
dxe4 22. Qxe4 Be7 23. f5 Bd6 24. Rf2 exf5 25. Qg2 Nf6 26. d5 Be5 27. Bc3 Bxc3
28. Rxc3 Ne4 29. d6 Qd7 30. Rh3 Bg4 31. Rf4 Bxh3 32. Qxh3 Qxd6 33. Rxf5 Qg6+
0-1

[Event "First Saturday 2009 februar FM-B"]
[Site "Budapest"]
[Date "2009.02.14"]
[Round "8"]
[White "Egri, Laszlo jr"]
[Black "Mihajlova, Diana"]
[Result "1-0"]
[WhiteElo "1842"]
[BlackElo "1552"]
[PlyCount "55"]
[EventDate "2009.02.07"]

1. d4 Nf6 2. c4 e5 3. dxe5 Ne4 4. Nf3 d6 5. e3 c6 6. Be2 Qa5+ 7. Bd2 Nxd2 8.
Qxd2 Qc7 9. exd6 Bxd6 10. O-O Bg4 11. h3 h5 12. Nd4 Bxh3 13. gxh3 g5 14. Nf5
Bh2+ 15. Kh1 Be5 16. f4 gxf4 17. exf4 Nd7 18. fxe5 O-O-O 19. Qd6 Nxe5 20. Qxc7+
Kxc7 21. Nc3 Rd2 22. Rab1 Rhd8 23. Rfd1 Nd3 24. Rxd2 Nf2+ 25. Kg2 Rxd2 26. Kxf2
Rd8 27. Rd1 Re8 28. Bxh5 1-0

[Event "First Saturday 2009 februar FM-B"]
[Site "Budapest"]
[Date "2009.02.14"]
[Round "8"]
[White "Szabo, Miklos"]
[Black "Kantor, Gergely"]
[Result "0-1"]
[WhiteElo "1458"]
[BlackElo "1680"]
[PlyCount "94"]
[EventDate "2009.02.07"]

1. d4 Nf6 2. Nf3 d5 3. c4 e6 4. e3 c5 5. Nc3 Nc6 6. cxd5 Nxd5 7. Be2 Be7 8. O-O
O-O 9. a3 a6 10. Qc2 cxd4 11. Nxd4 Nxd4 12. exd4 Qc7 13. Bd3 h6 14. Re1 Nf6 15.
g3 b5 16. b4 Bb7 17. Bf4 Qc6 18. Ne4 Rfd8 19. Nxf6+ Bxf6 20. Bh7+ Kh8 21. Qxc6
Bxc6 22. Rac1 Bd5 23. Be4 Bxe4 24. Rxe4 Rxd4 25. Rxd4 Bxd4 26. Rc2 e5 27. Be3
Bxe3 28. fxe3 Kg8 29. Kf2 Kf8 30. h4 Ke7 31. Kf3 Rd8 32. Rc7+ Rd7 33. Rc6 Rd6
34. Rc7+ Ke6 35. Ra7 g6 36. g4 h5 37. g5 f5 38. Rg7 Kd5 39. Rc7 Rc6 40. Rd7+
Kc4 41. e4 Kb3 42. Rd3+ Kb2 43. Re3 f4 44. Rd3 Rc3 45. Ke2 Rxd3 46. Kxd3 Kxa3
47. Kc3 Ka4 0-1

[Event "First Saturday 2009 februar FM-B"]
[Site "Budapest"]
[Date "2009.02.14"]
[Round "8"]
[White "Molnar, Marton"]
[Black "Czimer, Jozsef"]
[Result "1-0"]
[WhiteElo "1947"]
[BlackElo "1844"]
[PlyCount "44"]
[EventDate "2009.02.07"]

1. d4 d5 2. c4 c6 3. Nc3 Nf6 4. e3 e6 5. Nf3 Bd6 6. Bd3 Nbd7 7. O-O O-O 8. Qc2
Re8 9. e4 dxe4 10. Nxe4 Nxe4 11. Bxe4 g6 12. b3 f5 13. Bd3 e5 14. c5 Bf8 15.
Bc4+ Kh8 16. Nxe5 Qf6 17. Nf7+ Kg8 18. Nd6+ Re6 19. Bxe6+ Qxe6 20. Nxc8 Rxc8
21. Bf4 Nf6 22. Rfe1 Qd5 1-0

[Event "First Saturday 2009 februar FM-B"]
[Site "Budapest"]
[Date "2009.02.14"]
[Round "8"]
[White "Dobos, Otto"]
[Black "Mendege, Andras"]
[Result "0-1"]
[WhiteElo "1724"]
[BlackElo "1795"]
[PlyCount "102"]
[EventDate "2009.02.07"]

1. d4 c5 2. e3 Nf6 3. c3 e6 4. Nf3 d5 5. Bd3 Be7 6. O-O O-O 7. Nbd2 Nc6 8. Re1
h6 9. Rb1 b6 10. h3 Bb7 11. a3 Nb8 12. Ne5 Nbd7 13. f4 Re8 14. Qf3 Nf8 15. Bc2
Qc7 16. Ba4 Red8 17. f5 N8d7 18. fxe6 Nxe5 19. dxe5 Qxe5 20. exf7+ Kxf7 21. Qf2
Bd6 22. Nf1 Kg8 23. Bc2 Rf8 24. Qf5 Rae8 25. Qxe5 Rxe5 26. Bd2 Ne4 27. Bc1 Rfe8
28. Nh2 R5e7 29. Ng4 h5 30. Nh2 Bg3 31. Rf1 Rf8 32. Rxf8+ Kxf8 33. Bxe4 Bxh2+
34. Kxh2 Rxe4 35. Bd2 g6 36. Rf1+ Ke7 37. Rf4 Rxf4 38. exf4 d4 39. cxd4 cxd4
40. g4 Be4 41. gxh5 gxh5 42. Kg3 Bf5 43. Kh4 Ke6 44. Kxh5 Bxh3 45. Kh4 Bf5 46.
Kg3 Kd5 47. Kf2 Kc4 48. Bb4 Kb3 49. Bf8 d3 50. Bd6 d2 51. Ke2 Kc2 0-1

[Event "First Saturday 2009 februar FM-B"]
[Site "Budapest"]
[Date "2009.02.15"]
[Round "9"]
[White "Czimer, Jozsef"]
[Black "Dobos, Otto"]
[Result "1-0"]
[WhiteElo "1844"]
[BlackElo "1724"]
[PlyCount "101"]
[EventDate "2009.02.07"]

1. e4 e5 2. Nf3 d6 3. Bc4 f6 4. c3 Ne7 5. Qb3 c6 6. Bf7+ Kd7 7. d4 Qb6 8. dxe5
Qxb3 9. axb3 dxe5 10. Be3 Na6 11. O-O Kc7 12. b4 b5 13. Nfd2 Kb7 14. Nb3 g5 15.
N1d2 h5 16. Na5+ Kc7 17. Ba2 Rh7 18. f3 Rg7 19. Bb1 Nb8 20. Ndb3 f5 21. Nc5 f4
22. Bd2 g4 23. Kf2 gxf3 24. gxf3 Bh3 25. Rg1 Rxg1 26. Kxg1 Ng6 27. Kf2 Be7 28.
Ba2 Kb6 29. Bf7 Nh8 30. Bxh5 Bxc5+ 31. bxc5+ Kxc5 32. b4+ Kb6 33. Rg1 Nd7 34.
Rg7 Nf6 35. Bg6 Rb8 36. Be1 c5 37. Ke2 cxb4 38. cxb4 Nd7 39. Bf2+ Kc7 40. Bxa7
Rf8 41. Bc5 Nxg6 42. Rxg6 Rf6 43. Rg7 Rh6 44. Be7 Be6 45. h4 Rh8 46. Kd2 Kc8
47. Rg6 Bh3 48. Rc6+ Kb8 49. Bd6+ Ka7 50. Rc7+ Ka8 51. Nc6 1-0

[Event "First Saturday 2009 februar FM-B"]
[Site "Budapest"]
[Date "2009.02.15"]
[Round "9"]
[White "Mihajlova, Diana"]
[Black "Szabo, Miklos"]
[Result "1-0"]
[WhiteElo "1552"]
[BlackElo "1458"]
[PlyCount "47"]
[EventDate "2009.02.07"]

1. Nf3 Nf6 2. c4 c5 3. Nc3 g6 4. d4 cxd4 5. Nxd4 Bg7 6. Bf4 d6 7. Bg3 O-O 8. e4
Nbd7 9. Be2 Nc5 10. e5 Nfe4 11. Nxe4 Nxe4 12. exd6 Nxg3 13. hxg3 Qxd6 14. Nf3
Qb6 15. Rb1 Rd8 16. Qb3 Qa5+ 17. Kf1 Bf5 18. Re1 Rd7 19. Ng5 h6 20. g4 Bc2 21.
Qxc2 Qxg5 22. Qe4 Bxb2 23. f4 f5 24. Qe6+ 1-0

[Event "First Saturday 2009 februar FM-B"]
[Site "Budapest"]
[Date "2009.02.15"]
[Round "9"]
[White "Szabo, Gabor"]
[Black "Egri, Laszlo jr"]
[Result "0-1"]
[WhiteElo "1870"]
[BlackElo "1842"]
[PlyCount "88"]
[EventDate "2009.02.07"]

1. e4 g6 2. d4 Bg7 3. Nc3 d6 4. Be3 Nf6 5. f3 O-O 6. Qd2 Nbd7 7. g4 c5 8. d5 a6
9. Nce2 Ne5 10. Ng3 b5 11. h4 Rb8 12. b3 Nexg4 13. fxg4 Nxe4 14. Nxe4 Bxa1 15.
Nf2 f5 16. g5 e5 17. dxe6 Bxe6 18. Bg2 Qe7 19. Ne2 d5 20. O-O Bg7 21. Nd3 d4
22. Bf4 Rbd8 23. Ne5 Bxe5 24. Bxe5 Bc4 25. bxc4 Qxe5 26. Bd5+ Kh8 27. Nf4 Rfe8
28. Rf2 Qe3 29. Qxe3 dxe3 30. Re2 bxc4 31. Bxc4 Re4 32. Ne6 Rd1+ 33. Kg2 Rxc4
34. Rxe3 Rxc2+ 35. Kf3 Rd6 36. Nc7 Rd8 37. Nxa6 Ra8 38. Nc7 Rc8 39. Ne8 Rxa2
40. Nf6 Ra7 41. Ke2 c4 42. Kd1 Kg7 43. Ne8+ Kf8 44. Nd6 Rd7 0-1